Caminos sagrados (Record no. 550)
[ view plain ]
| 000 -LEADER | |
|---|---|
| campo de control de longitud fija | 00707nam a22001457a 4500 |
| 008 - DATOS DE LONGITUD FIJA--INFORMACIÓN GENERAL | |
| campo de control de longitud fija | 150424b xxu||||| |||| 00| 0 eng d |
| 082 ## - NÚMERO DE LA CLASIFICACIÓN DECIMAL DEWEY | |
| Número de clasificación | 708 |
| Número de ítem | M 665c |
| 100 ## - ENTRADA PRINCIPAL--NOMBRE DE PERSONA | |
| Nombre de persona | Arestizabal, Irma (curadora), Perez Gollan, Jose Antonio |
| 9 (RLIN) | 2516 |
| 110 ## - ENTRADA PRINCIPAL--NOMBRE DE ENTIDAD CORPORATIVA | |
| Nombre de entidad corporativa o nombre de jurisdicción como elemento de entrada | Ministerio de Relaciones exteriores |
| 9 (RLIN) | 2517 |
| 245 ## - MENCIÓN DEL TÍTULO | |
| Título | Caminos sagrados |
| Resto del título | Arte Precolombino Argentino. Coleccion de la Cancilleria Argentina |
| Mención de responsabilidad, etc. | Arestizabal, Irma (curadora), Perez Gollan, Jose Antonio |
| 260 ## - PUBLICACIÓN, DISTRIBUCIÓN, ETC. | |
| Lugar de publicación, distribución, etc. | Buenos Aires Argentina |
| Nombre del editor, distribuidor, etc. | Fundación Proa |
| Fecha de publicación, distribución, etc. | 1999 |
| 300 ## - DESCRIPCIÓN FÍSICA | |
| Extensión | 90 p. |
| Otras características físicas | ill. (col) |
| Dimensiones | 23x28 cm |
| 650 ## - PUNTO DE ACCESO ADICIONAL DE MATERIA--TÉRMINO DE MATERIA | |
| Subdivisión general | Arte precolombino-Argentino |
| -- | Arte precolombino |
| -- | Exhibiciones |
| Subdivisión geográfica | Argentina |
| 9 (RLIN) | 2518 |
| 700 ## - ENTRADA AGREGADA--NOMBRE PERSONAL | |
| Nombre de persona | Arestizabal, Irma (curadora), Perez Gollan, Jose Antonio |
| 9 (RLIN) | 2519 |
| Estatus retirado | Estado de pérdida | Fuente del sistema de clasificación o colocación | Estado de daño | No para préstamo | Biblioteca de origen | Biblioteca actual | Ubicación en estantería | Fecha de adquisición | Total de préstamos | Signatura topográfica completa | Código de barras | Visto por última vez | Precio de reemplazo | Tipo de ítem Koha |
|---|---|---|---|---|---|---|---|---|---|---|---|---|---|---|
| Clasificación Decimal Dewey | Biblioteca LadoV | Biblioteca LadoV | 24/04/2015 | 708 M 665c | 000403 | 24/04/2015 | 24/04/2015 | Material 01 |
